000 00328nam a2200121 4500
008 b xx# fre u
040 _aLB-BrCRDP
082 1 _a370.1
_bFUA
100 1 _aFualkow, Jacques
245 1 3 _aLa gestion de la classe
_cJacques Fualkow
942 _cBK
999 _c9759
_d9759